Most Flown-Over States - Statistics

General Stats
  • This quiz has been taken 198 times
  • The average score is 8 of 11
Answer Stats
Answer % Correct
Ohio
87%
Indiana
80%
Tennessee
80%
Kentucky
79%
North Carolina
79%
South Carolina
79%
Virginia
79%
Maryland
73%
Pennsylvania
69%
West Virginia
68%
New Jersey
60%
No matching quizzes found
Score Distribution
Percent of People with Each Score
Percentile by Number Answered
Your Score History
You have not taken this quiz